Statistics for Identify the Capital

Click here to take the quiz!

General Stats

  • This quiz has been taken 13 times
  • The average score is 5 of 10

Answer Stats

Answer% Correct
Cairo
92%
Amsterdam
85%
Ottawa
62%
Rome
62%
London
54%
Bern
38%
Reykjavik
38%
Buenos Aires
15%
Manila
8%
Seoul
0%

Score Distribution

Percentile by Number Answered

Percent of People with Each Score

Your Score History

You have not taken this quiz